<?xml version="1.0" encoding="UTF-8"?>
<record
    xmlns:xsi="http://www.w3.org/2001/XMLSchema-instance"
    xsi:schemaLocation="http://www.loc.gov/MARC21/slim http://www.loc.gov/standards/marcxml/schema/MARC21slim.xsd"
    xmlns="http://www.loc.gov/MARC21/slim">

  <leader>04432namaa22004211i 4500</leader>
  <controlfield tag="003">EG-GICUC</controlfield>
  <controlfield tag="005">20260412112311.0</controlfield>
  <controlfield tag="008">260315s2024    ua a|||frm||| 000 0 eng d</controlfield>
  <datafield tag="040" ind1=" " ind2=" ">
    <subfield code="a">EG-GICUC</subfield>
    <subfield code="b">eng</subfield>
    <subfield code="c">EG-GICUC</subfield>
    <subfield code="d">EG-GICUC</subfield>
    <subfield code="e">rda</subfield>
  </datafield>
  <datafield tag="041" ind1="0" ind2=" ">
    <subfield code="a">eng</subfield>
    <subfield code="b">eng</subfield>
    <subfield code="b">ara</subfield>
  </datafield>
  <datafield tag="049" ind1=" " ind2=" ">
    <subfield code="a">Deposit</subfield>
  </datafield>
  <datafield tag="082" ind1="0" ind2="4">
    <subfield code="a"> 624.17723</subfield>
  </datafield>
  <datafield tag="092" ind1=" " ind2=" ">
    <subfield code="a">624.17723</subfield>
    <subfield code="2">21</subfield>
  </datafield>
  <datafield tag="097" ind1=" " ind2=" ">
    <subfield code="a">Ph.D</subfield>
  </datafield>
  <datafield tag="099" ind1=" " ind2=" ">
    <subfield code="a">Cai01.13.05.Ph.D.2024.Mo.S</subfield>
  </datafield>
  <datafield tag="100" ind1="0" ind2=" ">
    <subfield code="a">Mohamed GamalEldin Sayed Abdelmohaymen, </subfield>
    <subfield code="e">preparation.</subfield>
  </datafield>
  <datafield tag="245" ind1="1" ind2="0">
    <subfield code="a">Shear retrofitting with manually made nsm frp sheets (MMFRP) OF RC beams /</subfield>
    <subfield code="c">by Mohamed GamalEldin Sayed Abdelmohaymen ; Supervisors Prof. Dr. Hamed Mohamed Mahmoud Salem.</subfield>
  </datafield>
  <datafield tag="246" ind1="1" ind2="5">
    <subfield code="a">&#x62A;&#x631;&#x645;&#x64A;&#x645; &#x627;&#x644;&#x642;&#x635; &#x644;&#x643;&#x645;&#x631;&#x627;&#x62A; &#x645;&#x646; &#x627;&#x644;&#x62E;&#x631;&#x633;&#x627;&#x646;&#x647; &#x627;&#x644;&#x645;&#x633;&#x644;&#x62D;&#x647; &#x628;&#x627;&#x633;&#x62A;&#x62E;&#x62F;&#x627;&#x645; &#x627;&#x644;&#x648;&#x627;&#x62D; &#x627;&#x644;&#x64A;&#x627;&#x641; &#x200F;&#x627;&#x644;&#x628;&#x648;&#x644;&#x64A;&#x645;&#x631; &#x627;&#x644;&#x643;&#x631;&#x628;&#x648;&#x646;&#x64A;&#x647; &#x627;&#x644;&#x645;&#x635;&#x646;&#x639;&#x647; &#x64A;&#x62F;&#x648;&#x64A;&#x627; &#x648;&#x62A;&#x648;&#x62C;&#x62F; &#x627;&#x633;&#x641;&#x644; &#x627;&#x644;&#x633;&#x637;&#x62D; &#x627;&#x644;&#x62E;&#x631;&#x633;&#x627;&#x646;&#x64A; </subfield>
  </datafield>
  <datafield tag="264" ind1=" " ind2="0">
    <subfield code="c">2025.</subfield>
  </datafield>
  <datafield tag="300" ind1=" " ind2=" ">
    <subfield code="a">75 pages : </subfield>
    <subfield code="b">illustrations ;</subfield>
    <subfield code="c">30 cm. + </subfield>
    <subfield code="e">CD.</subfield>
  </datafield>
  <datafield tag="336" ind1=" " ind2=" ">
    <subfield code="a">text</subfield>
    <subfield code="2">rda content</subfield>
  </datafield>
  <datafield tag="337" ind1=" " ind2=" ">
    <subfield code="a">Unmediated</subfield>
    <subfield code="2">rdamedia</subfield>
  </datafield>
  <datafield tag="338" ind1=" " ind2=" ">
    <subfield code="a">volume</subfield>
    <subfield code="2">rdacarrier</subfield>
  </datafield>
  <datafield tag="502" ind1=" " ind2=" ">
    <subfield code="a">Thesis (Ph.D)-Cairo University, 2025.</subfield>
  </datafield>
  <datafield tag="504" ind1=" " ind2=" ">
    <subfield code="a">Bibliography: pages 73-75.</subfield>
  </datafield>
  <datafield tag="520" ind1=" " ind2="3">
    <subfield code="a">This thesis presents an experimental study to evaluate the effectiveness of the proposed 
carbon manually made fibre reinforced polymer (MMFRP) folded sheet for shear 
strengthening of nine RC beams using near surface-mounted (NSM) method, in addition to 
an unstrengthened control beam. In the laboratory, MMFRP folded sheets were manually 
manufactured. MMFRP is made by folding an FRP sheet into appropriate groove widths. 
Carbon MMFRP folded sheets with varying strip amounts, FRP areas and development 
lengths, increase the shear strength of rectangular reinforced concrete (RC) beams. In 
comparison to the control beam, beams with double, triple, and quadruple strips demonstrate 
68%, 59% and 74% improvements in shear-load carrying capacity, respectively. However, 
the study discovered that if the number of strips, FRP area or development length is raised, 
the member's shear strength capability is estimated to improve.</subfield>
  </datafield>
  <datafield tag="520" ind1=" " ind2="3">
    <subfield code="a">&#x64A;&#x642;&#x62F;&#x645; &#x647;&#x630;&#x627; &#x627;&#x644;&#x628;&#x62D;&#x62B; &#x62F;&#x631;&#x627;&#x633;&#x629; &#x62A;&#x62C;&#x631;&#x64A;&#x628;&#x64A;&#x629; &#x644;&#x62A;&#x642;&#x64A;&#x64A;&#x645; &#x641;&#x639;&#x627;&#x644;&#x64A;&#x629; &#x627;&#x644;&#x634;&#x631;&#x64A;&#x62D;&#x647; &#x627;&#x644;&#x645;&#x637;&#x648;&#x64A;&#x629; &#x627;&#x644;&#x645;&#x635;&#x646;&#x648;&#x639;&#x629; &#x64A;&#x62F;&#x648;&#x64A;&#x64B;&#x627; &#x645;&#x646; &#x627;&#x644;&#x628;&#x648;&#x644;&#x64A;&#x645;&#x631; &#x627;&#x644;&#x645;&#x642;&#x648;&#x649; &#x628;&#x627;&#x644;&#x623;&#x644;&#x64A;&#x627;&#x641; &#x627;&#x644;&#x643;&#x631;&#x628;&#x648;&#x646;&#x64A;&#x629; (MMFRP) &#x644;&#x62A;&#x642;&#x648;&#x64A;&#x629; &#x627;&#x644;&#x642;&#x635; &#x644;&#x62A;&#x633;&#x639; &#x643;&#x645;&#x631;&#x627;&#x62A; &#x645;&#x646; &#x627;&#x644;&#x62E;&#x631;&#x633;&#x627;&#x646;&#x647; &#x627;&#x644;&#x645;&#x633;&#x644;&#x62D;&#x647; &#x628;&#x627;&#x633;&#x62A;&#x62E;&#x62F;&#x627;&#x645; &#x637;&#x631;&#x64A;&#x642;&#x629; &#x627;&#x644;&#x62A;&#x62B;&#x628;&#x64A;&#x62A; &#x628;&#x627;&#x644;&#x642;&#x631;&#x628; &#x645;&#x646; &#x627;&#x644;&#x633;&#x637;&#x62D; (NSM) &#x60C; &#x628;&#x627;&#x644;&#x625;&#x636;&#x627;&#x641;&#x629; &#x625;&#x644;&#x649; &#x643;&#x645;&#x631;&#x647; &#x63A;&#x64A;&#x631; &#x645;&#x62F;&#x639;&#x645;&#x647; &#x644;&#x62F;&#x631;&#x627;&#x633;&#x629; &#x627;&#x644;&#x62A;&#x62D;&#x643;&#x645;. &#x62A;&#x645; &#x62A;&#x635;&#x646;&#x64A;&#x639; &#x627;&#x644;&#x634;&#x631;&#x627;&#x626;&#x62D; &#x627;&#x644;&#x645;&#x637;&#x648;&#x64A;&#x629; &#x627;&#x644;&#x645;&#x635;&#x646;&#x648;&#x639;&#x629; &#x645;&#x646; MMFRP &#x64A;&#x62F;&#x648;&#x64A;&#x64B;&#x627; &#x641;&#x64A; &#x627;&#x644;&#x645;&#x639;&#x645;&#x644;. &#x62A;&#x645; &#x62A;&#x635;&#x646;&#x64A;&#x639; MMFRP &#x639;&#x646; &#x637;&#x631;&#x64A;&#x642; &#x637;&#x64A; &#x634;&#x631;&#x64A;&#x62D;&#x647; FRP &#x648;&#x648;&#x636;&#x639;&#x647;&#x627; &#x62F;&#x627;&#x62E;&#x644; &#x62A;&#x62C;&#x648;&#x64A;&#x641; &#x645;&#x646;&#x627;&#x633;&#x628; &#x641;&#x64A; &#x627;&#x644;&#x643;&#x645;&#x631;&#x647; &#x627;&#x644;&#x62E;&#x631;&#x633;&#x627;&#x646;&#x64A;&#x647;. &#x62A;&#x62A;&#x639;&#x62F;&#x62F; &#x627;&#x639;&#x62F;&#x627;&#x62F; &#x627;&#x644;&#x634;&#x631;&#x627;&#x626;&#x62D; &#x627;&#x644;&#x645;&#x637;&#x648;&#x64A;&#x629; &#x627;&#x644;&#x645;&#x635;&#x646;&#x648;&#x639;&#x629; &#x645;&#x646; &#x627;&#x644;&#x643;&#x631;&#x628;&#x648;&#x646; MMFRP &#x628;&#x643;&#x645;&#x64A;&#x627;&#x62A; &#x645;&#x62E;&#x62A;&#x644;&#x641;&#x629; &#x648;&#x645;&#x633;&#x627;&#x62D;&#x629; &#x645;&#x642;&#x637;&#x639; &#x645;&#x62E;&#x62A;&#x644;&#x641; &#x648;&#x623;&#x637;&#x648;&#x627;&#x644; &#x62A;&#x645;&#x627;&#x633;&#x643; &#x645;&#x62E;&#x62A;&#x644;&#x641;&#x647;. &#x64A;&#x62A;&#x645; &#x627;&#x633;&#x62A;&#x643;&#x634;&#x627;&#x641; &#x645;&#x632;&#x627;&#x64A;&#x627; &#x62A;&#x62F;&#x639;&#x64A;&#x645; &#x627;&#x644;&#x643;&#x645;&#x631;&#x627;&#x62A; &#x628;&#x627;&#x633;&#x62A;&#x62E;&#x62F;&#x627;&#x645; &#x634;&#x631;&#x627;&#x626;&#x62D; &#x645;&#x637;&#x648;&#x64A;&#x629; &#x645;&#x62E;&#x62A;&#x644;&#x641;&#x629; &#x645;&#x646; MMFRP &#x628;&#x646;&#x627;&#x621;&#x64B; &#x639;&#x644;&#x649; &#x627;&#x644;&#x646;&#x62A;&#x627;&#x626;&#x62C; &#x627;&#x644;&#x62A;&#x62C;&#x631;&#x64A;&#x628;&#x64A;&#x629;. &#x628;&#x627;&#x644;&#x645;&#x642;&#x627;&#x631;&#x646;&#x629; &#x645;&#x639; &#x643;&#x645;&#x631;&#x629; &#x627;&#x644;&#x62A;&#x62D;&#x643;&#x645; &#x60C; &#x62A;&#x64F;&#x638;&#x647;&#x631; &#x627;&#x644;&#x643;&#x645;&#x631;&#x627;&#x62A; &#x630;&#x627;&#x62A; &#x627;&#x644;&#x634;&#x631;&#x627;&#x626;&#x62D; &#x627;&#x644;&#x645;&#x632;&#x62F;&#x648;&#x62C;&#x629; &#x648;&#x627;&#x644;&#x62B;&#x644;&#x627;&#x62B;&#x64A;&#x629; &#x648;&#x627;&#x644;&#x631;&#x628;&#x627;&#x639;&#x64A;&#x629; &#x62A;&#x62D;&#x633;&#x64A;&#x646;&#x627;&#x62A; &#x628;&#x646;&#x633;&#x628;&#x629; 68&#x66A; &#x648; 59&#x66A; &#x648; 74&#x66A; &#x641;&#x64A; &#x642;&#x62F;&#x631;&#x629; &#x62A;&#x62D;&#x645;&#x644; &#x62D;&#x645;&#x644; &#x627;&#x644;&#x642;&#x635; &#x60C; &#x639;&#x644;&#x649; &#x627;&#x644;&#x62A;&#x648;&#x627;&#x644;&#x64A;. &#x648;&#x645;&#x639; &#x630;&#x644;&#x643; &#x60C; &#x627;&#x643;&#x62A;&#x634;&#x641;&#x62A; &#x627;&#x644;&#x62F;&#x631;&#x627;&#x633;&#x629; &#x623;&#x646;&#x647; &#x625;&#x630;&#x627; &#x62A;&#x645; &#x631;&#x641;&#x639; &#x639;&#x62F;&#x62F; &#x627;&#x644;&#x634;&#x631;&#x627;&#x626;&#x62D; &#x623;&#x648; &#x645;&#x633;&#x627;&#x62D;&#x629; FRP &#x623;&#x648; &#x637;&#x648;&#x644; &#x627;&#x644;&#x62A;&#x645;&#x627;&#x633;&#x643; &#x60C; &#x641;&#x645;&#x646; &#x627;&#x644;&#x645;&#x62A;&#x648;&#x642;&#x639; &#x623;&#x646; &#x62A;&#x62A;&#x62D;&#x633;&#x646; &#x642;&#x62F;&#x631;&#x629; &#x645;&#x642;&#x627;&#x648;&#x645;&#x629; &#x627;&#x644;&#x642;&#x635; &#x644;&#x644;&#x639;&#x646;&#x635;&#x631; &#x627;&#x644;&#x627;&#x646;&#x634;&#x627;&#x626;&#x64A;.</subfield>
  </datafield>
  <datafield tag="530" ind1=" " ind2=" ">
    <subfield code="a">Issues also as CD.</subfield>
  </datafield>
  <datafield tag="546" ind1=" " ind2=" ">
    <subfield code="a">Text in English and abstract in Arabic &amp; English.</subfield>
  </datafield>
  <datafield tag="650" ind1=" " ind2="0">
    <subfield code="a">Concrete beams</subfield>
  </datafield>
  <datafield tag="650" ind1=" " ind2="0">
    <subfield code="a">&#x639;&#x648;&#x627;&#x631;&#x636; &#x62E;&#x631;&#x633;&#x627;&#x646;&#x64A;&#x629;</subfield>
  </datafield>
  <datafield tag="653" ind1=" " ind2="1">
    <subfield code="a">shear strengthening</subfield>
    <subfield code="a">NSM FRP strip</subfield>
    <subfield code="a">CFRP</subfield>
    <subfield code="a">MMFRP</subfield>
    <subfield code="a">Reinforced concrete beams</subfield>
    <subfield code="a">&#x62A;&#x62F;&#x639;&#x64A;&#x645; &#x627;&#x644;&#x642;&#x635;</subfield>
    <subfield code="a">&#x627;&#x644;&#x62A;&#x62F;&#x639;&#x64A;&#x645; &#x627;&#x644;&#x642;&#x631;&#x64A;&#x628; &#x645;&#x646; &#x627;&#x644;&#x633;&#x637;&#x62D;</subfield>
  </datafield>
  <datafield tag="700" ind1="0" ind2=" ">
    <subfield code="a">Hamed Mohamed Mahmoud Salem</subfield>
    <subfield code="e">thesis advisor.</subfield>
  </datafield>
  <datafield tag="900" ind1=" " ind2=" ">
    <subfield code="b">01-01-2025</subfield>
    <subfield code="c">Hamed Mohamed Mahmoud Salem</subfield>
    <subfield code="d">Hany Ahmed Aly Abd ALLAH</subfield>
    <subfield code="d">Ghada Diaa Abd El-Hameed Ahmed </subfield>
    <subfield code="U">Cairo University</subfield>
    <subfield code="F">Faculty of Engineering </subfield>
    <subfield code="D">Department of Structural Engineering </subfield>
  </datafield>
  <datafield tag="905" ind1=" " ind2=" ">
    <subfield code="a">Shimaa</subfield>
    <subfield code="e">Eman Ghareb</subfield>
  </datafield>
  <datafield tag="942" ind1=" " ind2=" ">
    <subfield code="2">ddc</subfield>
    <subfield code="c">TH</subfield>
    <subfield code="e">21</subfield>
    <subfield code="n">0</subfield>
  </datafield>
  <datafield tag="999" ind1=" " ind2=" ">
    <subfield code="c">179051</subfield>
  </datafield>
  <datafield tag="952" ind1=" " ind2=" ">
    <subfield code="2">ddc</subfield>
    <subfield code="9">315767</subfield>
    <subfield code="a">CUCL</subfield>
    <subfield code="b">cl210</subfield>
    <subfield code="d">2026-03-15</subfield>
    <subfield code="i">93586</subfield>
    <subfield code="o">Cai01.13.05.Ph.D.2024.Mo.S</subfield>
    <subfield code="p">01010110093586000</subfield>
    <subfield code="r">2026-03-15 13:46:51</subfield>
    <subfield code="w">2026-03-15</subfield>
    <subfield code="y">TH</subfield>
  </datafield>
</record>
